000 00785 a2200205 4500
001 26943
005 20260407155547.0
008 260407a1972 arg spa d
003 AR-UNSa-BCEJYS
040 _aAR-UNSa-BCEJYS
_bspa
_cAR-UNSa-BCEJYS
080 _a711.3
_xOrdenación rural. Desarrollo rural
245 1 0 _aLa ordenación del espacio rural
_puna ilusión económica
264 1 _aMadrid :
_bInstituto de Estudios de Administración Local
_c1972
300 _a439 p.
_c21 cm.
505 _a1. Ordenación del territorio - 2. El espacio rural - 3. Actividades no agrícolas en medio rural - 4. Futuro de las actividades tradicionales en medio rural
942 _cBK
590 _aniveau_biblio:m niveau_hierar:0
100 1 _aJung, Jacques
700 1 _aGrillo Solano, Enrique
999 _c1526
_d1526